Selected stories. (Record no. 104997)

MARC details
000 -LEADER
fixed length control field 00384nam a2200157Ia 4500
008 - FIXED-LENGTH DATA ELEMENTS--GENERAL INFORMATION
fixed length control field 210210b2001 xxu||||| |||| 00| 0 eng d
020 ## - INTERNATIONAL STANDARD BOOK NUMBER
International Standard Book Number 81 85328 21 8
082 ## - DEWEY DECIMAL CLASSIFICATION NUMBER
Classification number 823.8 CHES
100 ## - MAIN ENTRY--PERSONAL NAME
Personal name CHEKHOV (Anton).
245 ## - TITLE STATEMENT
Title Selected stories.
260 ## - PUBLICATION, DISTRIBUTION, ETC.
Place of publication, distribution, etc. Calcutta.
Name of publisher, distributor, etc. United Writers.,
Date of publication, distribution, etc. 2001
300 ## - PHYSICAL DESCRIPTION
Extent 304
650 ## - SUBJECT ADDED ENTRY--TOPICAL TERM
Topical term or geographic name entry element Stories<br/><br/>
690 ## - LOCAL SUBJECT ADDED ENTRY--TOPICAL TERM (OCLC, RLIN)
Topical term or geographic name as entry element English Fiction
906 ## - LOCAL DATA ELEMENT F, LDF (RLIN)
a 057618
Holdings
Withdrawn status Lost status Source of classification or shelving scheme Damaged status Not for loan Home library Current library Shelving location Date acquired Source of acquisition Cost, normal purchase price Total Checkouts Full call number Barcode Date last seen Date last checked out Price effective from Koha item type
    Dewey Decimal Classification     St Aloysius Library St Aloysius Library Secondary stack section 02/17/2021 Higginbothams (P) Ltd., Mangalore-01. 75.00 1 823.8 CHES 057618 11/02/2022 08/26/2022 02/17/2021 Book